Statistiques concernant Pays les plus proches par région française

Cliquez ici pour prendre le quiz!

Statistiques générales

  • Ce quiz a été pris 269 fois
  • Le résultat moyen est 14 sur 18

Réponses sur la Carte

Les réponses sont colorées sur une échelle allant du rouge au vert en fonction du pourcentage des utilisateurs qui les ont devinées à leur premier essai. Vous pouvez retrouver ces pourcentages ci-dessous.
 

Statistiques - réponses

RégionPays% Correct
Auvergne-Rhône-AlpesItalie / Suisse
99%
Bourgogne-Franche-ComtéSuisse
98%
BretagneJersey (Royaume-Uni)
97%
Grand EstAllemagne / Belgique / Luxembourg / Suisse
96%
CorseItalie
96%
Centre-Val de LoireRoyaume-Uni
95%
Hauts-de-FranceBelgique
87%
Île-de-FranceBelgique
86%
GuyaneBrésil / Suriname
84%
OccitanieEspagne / Andorre
82%
Nouvelle AquitaineEspagne
81%
NormandieGuernsey (Royaume-Uni)
81%
Provence-Alpes-Côte d'AzurItalie / Monaco
80%
Pays de la LoireJersey (Royaume-Uni)
79%
La RéunionMaurice
57%
MayotteComores
50%
GuadeloupeDominique
48%
MartiniqueSainte-Lucie
41%

Distribution des résultats

Percentile par nombre de réponses

% des personnes avec chaque résultat

Votre développement - résultats

Vous n’avez pas pris ce quiz